Mark's standard handbook for mechanical engineers (Record no. 15131)

MARC details
000 -LEADER
fixed length control field 00714nam a2200229Ia 4500
003 - CONTROL NUMBER IDENTIFIER
control field IN-BaIIA
008 - FIXED-LENGTH DATA ELEMENTS--GENERAL INFORMATION
fixed length control field 211028s9999 xx 000 0 eng d
020 ## - INTERNATIONAL STANDARD BOOK NUMBER
International Standard Book Number 0-07-004997-1
040 ## - CATALOGING SOURCE
Transcribing agency IIA Library
080 ## - UNIVERSAL DECIMAL CLASSIFICATION NUMBER
Universal Decimal Classification number (035)621
Item number AVA
245 #0 - TITLE STATEMENT
Title Mark's standard handbook for mechanical engineers
Statement of responsibility, etc. edited by E. A. Avalone and T. Baumeister III
250 ## - EDITION STATEMENT
Edition statement 10th ed.
260 ## - PUBLICATION, DISTRIBUTION, ETC.
Place of publication, distribution, etc. New York
Name of publisher, distributor, etc. McGraw-Hill
Date of publication, distribution, etc. 1996
300 ## - PHYSICAL DESCRIPTION
Extent xxiv,19-44p.
650 ## - SUBJECT ADDED ENTRY--TOPICAL TERM
Topical term or geographic name entry element Heat
9 (RLIN) 2417
650 ## - SUBJECT ADDED ENTRY--TOPICAL TERM
Topical term or geographic name entry element Instruments
9 (RLIN) 2005
650 ## - SUBJECT ADDED ENTRY--TOPICAL TERM
Topical term or geographic name entry element Mathematical Tables
9 (RLIN) 2448
650 ## - SUBJECT ADDED ENTRY--TOPICAL TERM
Topical term or geographic name entry element Measuring Units
9 (RLIN) 27661
700 ## - ADDED ENTRY--PERSONAL NAME
Personal name Avalone, E. A., ed.
9 (RLIN) 27662
700 ## - ADDED ENTRY--PERSONAL NAME
Personal name Baumeister III, T., ed.
9 (RLIN) 27663
942 ## - ADDED ENTRY ELEMENTS (KOHA)
Koha item type Books
Holdings
Withdrawn status Lost status Damaged status Not for loan Home library Current library Shelving location Date acquired Source of acquisition Cost, normal purchase price Total Checkouts Full call number Barcode Date last seen Cost, replacement price Price effective from Koha item type Purchase Price
        IIA Library-Bangalore IIA Library-Hosakote General Stacks 19/06/2003 ANJ 2668.80   (035)621/ AVA 16053 05/11/2021 2668.80 19/06/2003 Books Rs. 2668.80

Powered by Koha